[Event "Novokuznetsk-ch op"]
[Site "Novokuznetsk"]
[Date "2007.11.24"]
[Round "8"]
[White "Golovkin, Viktor Ivanovich"]
[Black "Spitsyn, Dmitry"]
[Result "1-0"]
[WhiteElo "2067"]
[BlackElo "1772"]
[PlyCount "93"]
[EventDate "2007.11.24"]
[EventType "swiss"]
[EventRounds "9"]
[EventCountry "RUS"]
[SourceTitle "EXT 2022"]
[Source "ChessBase"]
[SourceDate "2021.10.06"]
[SourceVersion "1"]
[SourceVersionDate "2021.10.06"]
[SourceQuality "1"]

1. e4 g6 2. d4 Bg7 3. Nc3 d6 4. Nf3 Nf6 5. Be2 0-0 6. 0-0 c6 7. Bg5 Re8 8. Qd2 Qb6 9. Rfb1 Bg4 10. h3 Bxf3 11. Bxf3 Nbd7 12. Ne2 c5 13. c3 cxd4 14. cxd4 Rac8 15. Rc1 Rc6 16. Rxc6 bxc6 17. Rc1 Qa6 18. b3 c5 19. dxc5 Nxc5 20. Ng3 Ne6 21. Be3 Nd7 22. Bg4 Ndf8 23. Rc4 Qb7 24. Qa5 a6 25. Ra4 Qc7 26. Qxc7 Nxc7 27. Bb6 Nfe6 28. Bxe6 Nxe6 29. Rxa6 Rb8 30. b4 Nd4 31. a3 h5 32. Kf1 Bf6 33. Ne2 Nc2 34. Be3 Nxe3+ 35. fxe3 Kf8 36. Nd4 Bxd4 37. exd4 Ke8 38. Ke2 Rb7 39. Kd3 Kd8 40. d5 Kd7 41. Kd4 e5+ 42. Kc4 f5 43. b5 fxe4 44. b6 Kc8 45. Kb5 e3 46. Ra4 Rf7 47. Kc6 1-0